00465nam a2200145Ia 4500008004100000082001600041082000800057245009800065245001200163260001200175300000900187942000800196999001900204952009600223231017s9999 xx 000 0 und d a388.1120994 bBOY 0aEconomic Evaluation of Road Investment Proposals Unit Values for Road User Costs at June 2002 0cAP-R241 bAP-R241 c30cm cREP c604293d604293 00104070aNITbNITd2023-10-17l0o388.1120994 BOYpNIT-1159r2023-10-17w2023-10-17yREP